[Event "MVP-ch Seniors op 19th"]
[Site "Ostseebad Binz"]
[Date "2019.11.27"]
[Round "1"]
[White "Zschunke, Werner"]
[Black "Molsner, Heinz"]
[Result "1/2-1/2"]
[WhiteElo "1950"]
[BlackElo "1667"]
[PlyCount "72"]
[EventDate "2019.11.27"]
[EventType "swiss"]
[EventRounds "9"]
[EventCountry "GER"]
[SourceTitle "EXT 2021"]
[Source "ChessBase"]
[SourceDate "2020.10.23"]
[SourceVersion "1"]
[SourceVersionDate "2020.10.23"]
[SourceQuality "1"]

1. c4 e5 2. g3 d6 3. Bg2 Nf6 4. Nf3 Be7 5. d4 Nbd7 6. Nc3 0-0 7. 0-0 Re8 8. e4 exd4 9. Nxd4 c5 10. Nf5 Ne5 11. Ne3 Be6 12. b3 Rb8 13. Bb2 Nfg4 14. Ned5 Nf6 15. f4 Neg4 16. h3 Bxd5 17. Nxd5 Nxd5 18. Qxg4 Bf6 19. Bxf6 Nxf6 20. Qe2 g6 21. Rad1 Nh5 22. Qd3 Qe7 23. g4 Nf6 24. Qxd6 Qxd6 25. Rxd6 Nxe4 26. Rd7 Nc3 27. Bxb7 Nxa2 28. Bd5 Rf8 29. Ra1 Nc3 30. Bf3 Rxb3 31. Rd3 Rb1+ 32. Rxb1 Nxb1 33. Rd7 Nc3 34. Rxa7 Re8 35. Ra3 Ne2+ 36. Bxe2 Rxe2 1/2-1/2

[Event "MVP-ch Seniors op 17th"]
[Site "Binz"]
[Date "2017.11.29"]
[Round "1.34"]
[White "Nuenchert, Eveline"]
[Black "Molsner, Heinz"]
[Result "1-0"]
[WhiteElo "2016"]
[BlackElo "1744"]
[PlyCount "63"]
[EventDate "2017.11.29"]
[EventType "swiss"]
[EventRounds "9"]
[EventCountry "GER"]
[SourceTitle "EXT 2019"]
[Source "ChessBase"]
[SourceDate "2018.10.10"]
[SourceVersion "1"]
[SourceVersionDate "2018.10.10"]
[SourceQuality "1"]

1. e4 e6 2. d3 c5 3. g3 Nc6 4. Bg2 d6 5. Nf3 Nf6 6. c3 Be7 7. 0-0 e5 8. Re1 0-0 9. Nbd2 Bg4 10. h3 Bd7 11. Nf1 Qc8 12. Kh2 Re8 13. Ne3 h6 14. Nh4 Nh7 15. Nhf5 Bf8 16. Qh5 Re6 17. Nd5 Rg6 18. Nh4 Re6 19. f4 exf4 20. gxf4 Nf6 21. Nxf6+ Rxf6 22. Rg1 Ne7 23. Be3 Ng6 24. Nxg6 Rxg6 25. f5 Rf6 26. Bf3 Qe8 27. Bxh6 Qe5+ 28. Kh1 Bxf5 29. exf5 Rxf5 30. Qg4 Rf6 31. Bxg7 Kh7 32. Be4+ 1-0

[Event "MVP-ch Seniors op 16th"]
[Site "Binz"]
[Date "2016.11.30"]
[Round "8.60"]
[White "Vietinghoff, Klaus"]
[Black "Molsner, Heinz"]
[Result "1-0"]
[WhiteElo "1841"]
[BlackElo "1731"]
[PlyCount "95"]
[EventDate "2016.11.23"]
[EventType "swiss"]
[EventRounds "9"]
[EventCountry "GER"]
[SourceTitle "EXT 2018"]
[Source "ChessBase"]
[SourceDate "2017.10.13"]
[SourceVersion "1"]
[SourceVersionDate "2017.10.13"]
[SourceQuality "1"]

1. f4 d5 2. Nf3 Nc6 3. e3 Bg4 4. Bb5 a6 5. Bxc6+ bxc6 6. b3 e6 7. 0-0 Nf6 8. Bb2 Bd6 9. h3 Bh5 10. g4 Bg6 11. d3 0-0 12. Nbd2 Nd7 13. Qe1 Re8 14. Qg3 f6 15. e4 e5 16. f5 Bf7 17. Rae1 d4 18. h4 Bb4 19. Re2 Qe7 20. a4 Rab8 21. Bc1 Qc5 22. Nb1 Qe7 23. g5 Bh5 24. Rg2 Nf8 25. gxf6 Qxf6 26. Nh2 h6 27. Ng4 Bxg4 28. Qxg4 Be7 29. Rf3 Nh7 30. Rfg3 Bf8 31. Qh5 Kh8 32. Bxh6 Re7 33. Bg5 Qf7 34. Qg4 Rd7 35. Nd2 Bd6 36. Nf3 Rg8 37. h5 Nf6 38. Bxf6 Qxf6 39. Qg6 Be7 40. h6 Qxg6 41. Rxg6 Bd6 42. Nh4 Rf7 43. Nf3 c5 44. Ng5 Rf6 45. hxg7+ Rxg7 46. Rxf6 Be7 47. Rh6+ Kg8 48. Ne6 1-0

[Event "MVP-ch Seniors op 16th"]
[Site "Binz"]
[Date "2016.11.27"]
[Round "5.70"]
[White "Molsner, Heinz"]
[Black "Junghans, Rolf"]
[Result "0-1"]
[WhiteElo "1731"]
[BlackElo "1403"]
[PlyCount "120"]
[EventDate "2016.11.23"]
[EventType "swiss"]
[EventRounds "9"]
[EventCountry "GER"]
[SourceTitle "EXT 2018"]
[Source "ChessBase"]
[SourceDate "2017.10.13"]
[SourceVersion "1"]
[SourceVersionDate "2017.10.13"]
[SourceQuality "1"]

1. e4 c5 2. Nc3 Nc6 3. Nf3 e5 4. Bb5 Nge7 5. a3 a6 6. Bc4 b5 7. Ba2 d6 8. Ng5 c4 9. d3 f6 10. Nf3 Be6 11. Nh4 Qd7 12. Nf3 Nd4 13. Nxd4 exd4 14. Ne2 Nc6 15. Ng3 d5 16. 0-0 Bd6 17. exd5 Bxd5 18. Re1+ Kd8 19. Nf1 Re8 20. Bd2 Re7 21. Qh5 g6 22. Qxd5 Bxh2+ 23. Nxh2 Qxd5 24. dxc4 bxc4 25. Red1 Kc7 26. b3 c3 27. Bxc3 Qf5 28. Bxd4 Nxd4 29. Rxd4 Re2 30. Rc4+ Kb7 31. Nf3 g5 32. Kf1 Rxc2 33. Bb1 Qd3+ 34. Kg1 Qd1+ 35. Kh2 Qd6+ 36. Kg1 Rxc4 37. bxc4 Re8 38. Bc2 g4 39. Ne1 Qd2 40. Kf1 Rxe1+ 41. Rxe1 Qxc2 42. Re7+ Kc8 43. Kg1 Qxc4 44. Rxh7 Qc1+ 45. Kh2 Qxa3 46. Rh8+ Kd7 47. Rh7+ Ke6 48. Rb7 Qd6+ 49. Kg1 a5 50. Rb2 a4 51. Re2+ Kf5 52. f3 gxf3 53. Rf2 a3 54. Rxf3+ Kg6 55. Rf2 Qd4 56. g3 a2 57. Kg2 a1Q 58. Rf4 Qdg1+ 59. Kf3 Qad1+ 60. Ke4 Qgd4# 0-1

[Event "MVP-ch Seniors op 16th"]
[Site "Binz"]
[Date "2016.11.26"]
[Round "4.50"]
[White "Perk, Egbert"]
[Black "Molsner, Heinz"]
[Result "1-0"]
[WhiteElo "1920"]
[BlackElo "1731"]
[PlyCount "119"]
[EventDate "2016.11.23"]
[EventType "swiss"]
[EventRounds "9"]
[EventCountry "GER"]
[SourceTitle "EXT 2018"]
[Source "ChessBase"]
[SourceDate "2017.10.13"]
[SourceVersion "1"]
[SourceVersionDate "2017.10.13"]
[SourceQuality "1"]

1. Nf3 e6 2. c4 Nf6 3. d4 d5 4. Bg5 Be7 5. e3 c6 6. Nc3 0-0 7. Bd3 Nbd7 8. 0-0 Re8 9. Qc2 g6 10. a3 Nh5 11. Bxe7 Qxe7 12. cxd5 exd5 13. b4 a6 14. Na4 Qd6 15. Rfc1 Re6 16. Nc5 Nxc5 17. bxc5 Qe7 18. Qb2 Qc7 19. Rab1 Nf6 20. h3 Nd7 21. Qc2 Qd8 22. Qc3 Re8 23. Nd2 Qg5 24. e4 Nf6 25. Nf3 Qf4 26. e5 Nh5 27. Bf1 Qh6 28. g3 Ng7 29. Qd2 Qxd2 30. Nxd2 Ne6 31. Nf3 Rf8 32. Rd1 h5 33. h4 Nd8 34. Ng5 Ra7 35. Bd3 Kg7 36. Re1 Ne6 37. Nxe6+ Bxe6 38. Rb2 Bg4 39. Reb1 Bc8 40. f4 f5 41. exf6+ Rxf6 42. Rf1 Re6 43. Kf2 Rf6 44. Re1 Bg4 45. Re5 Kf7 46. Rb1 Re6 47. Rbe1 Rxe5 48. fxe5 Be6 49. Ke3 Ra8 50. Rf1+ Kg7 51. Rf6 Bf7 52. Kf4 Re8 53. Kg5 Rh8 54. Bxg6 Bxg6 55. Rxg6+ Kf7 56. e6+ Ke7 57. Kf4 Rf8+ 58. Ke5 Rf3 59. Rg7+ Kf8 60. Rf7+ 1-0

[Event "MVP-ch Seniors op 15th"]
[Site "Binz"]
[Date "2015.11.29"]
[Round "6.61"]
[White "Molsner, Heinz"]
[Black "Wittmann, Georg"]
[Result "1/2-1/2"]
[WhiteElo "1413"]
[BlackElo "1660"]
[PlyCount "40"]
[EventDate "2015.11.24"]
[EventType "swiss"]
[EventRounds "9"]
[EventCountry "GER"]
[SourceTitle "EXT 2017"]
[Source "ChessBase"]
[SourceDate "2016.10.25"]
[SourceVersion "1"]
[SourceVersionDate "2016.10.25"]
[SourceQuality "1"]

1. e4 c6 2. Nf3 d5 3. exd5 cxd5 4. d4 Nf6 5. Bf4 Nc6 6. c3 Bg4 7. Be2 e6 8. 0-0 Bd6 9. Bxd6 Qxd6 10. Nbd2 0-0 11. Re1 Nh5 12. Qc2 Nf4 13. Ng5 Bf5 14. Qd1 h6 15. Ngf3 Rac8 16. Nb3 Nxe2+ 17. Rxe2 Qf4 18. Qd2 Qxd2 19. Rxd2 b6 20. Nh4 Ne7 1/2-1/2

[Event "MVP-ch Seniors op 14th"]
[Site "Binz"]
[Date "2014.12.02"]
[Round "8"]
[White "Klingenberg, Dietrich"]
[Black "Molsner, Heinz"]
[Result "0-1"]
[WhiteElo "1629"]
[BlackElo "1475"]
[PlyCount "77"]
[EventDate "2014.11.25"]
[EventType "swiss"]
[EventRounds "9"]
[EventCountry "GER"]
[SourceTitle "EXT 2016"]
[Source "ChessBase"]
[SourceDate "2015.10.08"]
[SourceVersion "1"]
[SourceVersionDate "2015.10.08"]
[SourceQuality "1"]

1. e4 e5 2. Nf3 Nc6 3. d4 exd4 4. Nxd4 Bc5 5. Be3 Qf6 6. c3 Qg6 7. Qf3 Ne5 8. Qf5 d6 9. Qxg6 Nxg6 10. Nd2 N8e7 11. Bd3 0-0 12. 0-0 Ne5 13. Bc2 a6 14. h3 Ba7 15. f4 N5c6 16. Rae1 f5 17. Bb3+ Kh8 18. exf5 Nxf5 19. Nxf5 Bxf5 20. Bxa7 Rxa7 21. Bd5 Nd8 22. Re7 c6 23. Be4 Kg8 24. g4 Bc8 25. f5 d5 26. Bg2 Nf7 27. Nb3 Ra8 28. Nd4 Nd6 29. Ne6 Bxe6 30. Rxe6 Nc4 31. Rfe1 Rf7 32. R1e2 Raf8 33. Bf1 Rd8 34. Kf2 Nd6 35. R2e5 Ne4+ 36. Ke3 Nc5 37. Re8+ Rxe8 38. Rxe8+ Rf8 39. Re7 0-1

[Event "MVP-ch Seniors op 14th"]
[Site "Binz"]
[Date "2014.11.28"]
[Round "4"]
[White "Wittmann, Georg"]
[Black "Molsner, Heinz"]
[Result "1/2-1/2"]
[WhiteElo "1638"]
[BlackElo "1475"]
[PlyCount "62"]
[EventDate "2014.11.25"]
[EventType "swiss"]
[EventRounds "9"]
[EventCountry "GER"]
[SourceTitle "EXT 2016"]
[Source "ChessBase"]
[SourceDate "2015.10.08"]
[SourceVersion "1"]
[SourceVersionDate "2015.10.08"]
[SourceQuality "1"]

1. c4 d6 2. Nc3 e5 3. Nf3 Nf6 4. g3 Be7 5. Bg2 0-0 6. d4 exd4 7. Nxd4 c5 8. Ndb5 a6 9. Na3 Nbd7 10. 0-0 Rb8 11. e4 Ne5 12. Qe2 Bd7 13. Rd1 Qc8 14. Bf4 Qc7 15. Rd2 Rbd8 16. Re1 Be6 17. Nd5 Bxd5 18. exd5 Ng6 19. Bg5 h6 20. Be3 Rfe8 21. Bh3 Bf8 22. Nb1 Ne4 23. Rc2 Re5 24. f4 Re7 25. Nc3 Rde8 26. Nxe4 Rxe4 27. Rc3 R4e7 28. Qf2 Nh8 29. Rcc1 g6 30. Bd2 Bg7 31. Rxe7 Rxe7 1/2-1/2

[Event "MVP-ch Seniors op 13th"]
[Site "Binz"]
[Date "2013.12.01"]
[Round "5"]
[White "Fleischer, Matthias"]
[Black "Molsner, Heinz"]
[Result "1-0"]
[WhiteElo "1788"]
[BlackElo "1535"]
[PlyCount "108"]
[EventDate "2013.11.27"]
[EventType "swiss"]
[EventRounds "9"]
[EventCountry "GER"]
[SourceTitle "EXT 2015"]
[Source "ChessBase"]
[SourceDate "2014.11.20"]
[SourceVersion "1"]
[SourceVersionDate "2014.11.20"]
[SourceQuality "1"]

1. d4 d5 2. Nf3 e6 3. Bg5 Be7 4. h4 Nf6 5. e3 Ne4 6. Bxe7 Qxe7 7. Bd3 Nf6 8. Nbd2 Nc6 9. c3 Bd7 10. Qe2 e5 11. dxe5 Nxe5 12. Nxe5 Qxe5 13. Nf3 Qh5 14. 0-0-0 0-0-0 15. Qc2 Bg4 16. Qa4 Kb8 17. Be2 Ne4 18. Rhf1 Qh6 19. Kb1 Bxf3 20. Bxf3 Qxh4 21. Qc2 f5 22. Rd4 Qe7 23. Rfd1 c6 24. c4 Rc8 25. Bxe4 fxe4 26. cxd5 cxd5 27. Qb3 Rhd8 28. Rxd5 Rxd5 29. Qxd5 Qc7 30. Qxe4 g6 31. Qd3 a6 32. Qd6 Ka7 33. Qxc7 Rxc7 34. Rc1 Rd7 35. Kc2 Kb6 36. Rd1 Rf7 37. f3 Kc5 38. Rd4 a5 39. a4 b6 40. Kd3 b5 41. axb5 Kxb5 42. b3 Rc7 43. e4 Rc6 44. e5 Re6 45. Ke4 Kc6 46. f4 Kc5 47. g4 Kb5 48. f5 gxf5+ 49. gxf5 Rh6 50. Rd5+ Kb4 51. Rd3 Kc5 52. e6 Rh1 53. e7 Rh4+ 54. Ke5 Rh1 1-0

[Event "MVP-ch Seniors op 11th"]
[Site "Binz"]
[Date "2011.12.03"]
[Round "4.59"]
[White "Reimer, Karl"]
[Black "Molsner, Heinz"]
[Result "1/2-1/2"]
[WhiteElo "1602"]
[BlackElo "1498"]
[PlyCount "40"]
[EventDate "2011.11.30"]
[EventType "swiss"]
[EventRounds "9"]
[EventCountry "GER"]
[SourceTitle "EXT 2013"]
[Source "ChessBase"]
[SourceDate "2012.11.22"]
[SourceVersion "1"]
[SourceVersionDate "2012.11.22"]
[SourceQuality "1"]

1. c4 Nf6 2. Nc3 e5 3. g3 Bc5 4. Bg2 0-0 5. Nf3 Re8 6. 0-0 c6 7. d4 exd4 8. Nxd4 h6 9. a3 a5 10. b3 d6 11. Bb2 Nbd7 12. Na4 Ra6 13. e3 Ne5 14. Nxc5 dxc5 15. Nf3 Qxd1 16. Rfxd1 Nxf3+ 17. Bxf3 Bg4 18. Kg2 Bxf3+ 19. Kxf3 Nh7 20. h4 Nf8 1/2-1/2

[Event "Niedersachsen-ch Seniors op 14th"]
[Site "Bad Bevensen"]
[Date "2011.07.12"]
[Round "8"]
[White "Molsner, Heinz"]
[Black "Wraga, Teresa"]
[Result "1-0"]
[WhiteElo "1533"]
[BlackElo "1398"]
[PlyCount "41"]
[EventDate "2011.07.05"]
[EventType "swiss"]
[EventRounds "9"]
[EventCountry "GER"]
[SourceTitle "EXT 2012"]
[Source "ChessBase"]
[SourceDate "2011.11.24"]
[SourceVersion "1"]
[SourceVersionDate "2011.11.24"]
[SourceQuality "1"]

1. e4 d6 2. Bc4 Nf6 3. Nc3 g6 4. d4 Bg7 5. Bg5 0-0 6. Nf3 c6 7. 0-0 b5 8. Bxf6 Bxf6 9. Bb3 Bg4 10. Qd3 Bxf3 11. gxf3 Nd7 12. f4 Qc7 13. Ne2 e5 14. f5 exd4 15. fxg6 hxg6 16. Qg3 Kg7 17. Nf4 Ne5 18. Nh5+ Kh6 19. Nxf6 Qe7 20. Qh4+ Kg7 21. Nh5+ 1-0

[Event "Niedersachsen-ch Seniors op 14th"]
[Site "Bad Bevensen"]
[Date "2011.07.10"]
[Round "6"]
[White "Molsner, Heinz"]
[Black "Reinke, Kurt"]
[Result "0-1"]
[WhiteElo "1533"]
[BlackElo "1772"]
[PlyCount "82"]
[EventDate "2011.07.05"]
[EventType "swiss"]
[EventRounds "9"]
[EventCountry "GER"]
[SourceTitle "EXT 2012"]
[Source "ChessBase"]
[SourceDate "2011.11.24"]
[SourceVersion "1"]
[SourceVersionDate "2011.11.24"]
[SourceQuality "1"]

1. e4 c5 2. Nc3 Nc6 3. Nf3 d6 4. Be2 g6 5. d4 cxd4 6. Nxd4 Bg7 7. Be3 Bd7 8. 0-0 Nf6 9. Bf3 0-0 10. Rb1 Ne5 11. Be2 a6 12. f4 Nc6 13. Bf3 Rc8 14. Nce2 e5 15. Nb3 Ng4 16. Bc1 Qb6+ 17. Ned4 Nxd4 18. Nxd4 Nf6 19. c3 exd4 20. cxd4 Bb5 21. Rf2 Nd7 22. Be3 Qa5 23. a3 Rfe8 24. Bd2 Qb6 25. Bc3 Nf8 26. Kh1 Bc6 27. Re2 f5 28. d5 Bb5 29. Re1 Bxc3 30. bxc3 Rxc3 31. a4 fxe4 32. axb5 e3 33. bxa6 Qxa6 34. Ra1 Qc4 35. g3 Nd7 36. Ra4 Qc5 37. Qb1 e2 38. Re4 Rxe4 39. Qxe4 Re3 40. Qa4 Rxf3 41. Rxe2 Qc1+ 0-1